000 00793nam a22001697a 4500
008 140916b xxu||||| |||| 00| 0 eng d
020 _a9964104553
050 _aDp/HN832.A8.As4
100 _aAssimeng, Max
245 _aSocial structure of Ghana:
_ba study in persistence and change. /
_cMax Assimeng
250 _a2nd ed.
260 _aTema:
_bGhana Publishing Corp.
_c1999.
300 _axii, 306p.
_c23cm.
500 _aIncludes index
505 _aContents: Introduction: sociologists and society -- Tradition, Metaphysic and religion -- Kinship, marriage and family type -- Socialization, formal education and the world of work -- Class, status and social mobility -- The Structure of politics -- Population structure and change -- Social change and social problems.
942 _2lcc
_cBK
999 _c4865
_d12365